| 000 | 00373pam a2200157a 44500 | ||
|---|---|---|---|
| 008 | 230515b2010 xxu||||| |||| 00| 0 eng d | ||
| 020 | _aNULL | ||
| 041 | _aENGLISH | ||
| 082 | _a670 /JAI | ||
| 100 | _a JAIN K C / CHITALE A K | ||
| 245 | _aTEXT BOOK OF PRODUCTION ENGINEERING | ||
| 250 | _a1 | ||
| 260 |
_aNULL _bPRENTICE HALL _c2010 |
||
| 300 | _a776 | ||
| 650 | _aNULL | ||
| 999 |
_c643752 _d643752 |
||